Die häufigsten Vornamen 2018 - Statistiken

Allgemein
  • Dieses Quiz wurde 1.044 mal gespielt
  • Das Durchschnittsergebnis liegt bei 13 aus 30
Antwortstatistiken
% Korrekt
#7 Anna
70%
#3 Leon
66%
#2 Paul
66%
#13 Lena
64%
#1 Ben
63%
#12 Marie
63%
#1 Emma
61%
#14 Emil
58%
#2 Mia
58%
#10 Lukas
53%
#9 Lea
50%
#3 Hannah
49%
#12 Luca
44%
#6 Jonas
41%
#6 Lina
41%
#7 Luis
41%
#13 Maximilian
41%
#8 Noah
41%
#4 Finn
38%
#4 Emilia
36%
#9 Felix
33%
#5 Elias
30%
#5 Sofia
28%
#14 Luisa
25%
#10 Ella
24%
#8 Mila
22%
#15 Theo
22%
#11 Klara
19%
#15 Leni
18%
#11 Henry
15%
Keine übereinstimmenden Quizze gefunden
Verteilung der Resultate
Anzahl Personen mit jedem Resultat
Perzentil nach korrekt beantworteten Fragen
Ihre Resultats-Entwicklung
Sie haben dieses Quiz noch nicht gespielt